Sports Quiz

Random Sports or Baseball Quiz
Score 0/123 Timer 08:00
12 Plays Today
Year Player % Correct
2016Mike Trout
96.6%
2014Mike Trout
96.4%
2012Mike Trout
96.1%
2013Mike Trout
96.1%
2004Barry Bonds
95.4%
2002Barry Bonds
95.4%
2001Barry Bonds
95.4%
1998Barry Bonds
95.4%
1996Barry Bonds
95.4%
1993Barry Bonds
95.4%
1992Barry Bonds
95.4%
2020Mookie Betts
95.3%
2009Albert Pujols
94.4%
2008Albert Pujols
94.4%
2006Albert Pujols
94.4%
2003Albert Pujols
94.4%
2007Alex Rodriguez
94.2%
2005Alex Rodriguez
94.2%
2000Alex Rodriguez
94.2%
2018Mookie Betts
93.6%
2015Bryce Harper
93.1%
1931Babe Ruth
92.5%
1930Babe Ruth
92.5%
1928Babe Ruth
92.5%
1927Babe Ruth
92.5%
1926Babe Ruth
92.5%
1923Babe Ruth
92.5%
1921Babe Ruth
92.5%
1920Babe Ruth
92.5%
1919Babe Ruth
92.5%
2017Jose Altuve
92.3%
2019Cody Bellinger
92.3%
1961Mickey Mantle
85.1%
1957Mickey Mantle
85.1%
1956Mickey Mantle
85.1%
1955Mickey Mantle
85.1%
1965Willie Mays
83.5%
1964Willie Mays
83.5%
1963Willie Mays
83.5%
1962Willie Mays
83.5%
1960Willie Mays
83.5%
Year Player % Correct
1958Willie Mays
83.5%
1954Willie Mays
83.5%
1991Cal Ripken
81.5%
1984Cal Ripken
81.5%
1983Cal Ripken
81.5%
1936Lou Gehrig
80.3%
1935Lou Gehrig
80.3%
1934Lou Gehrig
80.3%
1947Ted Williams
79.7%
1946Ted Williams
79.7%
1942Ted Williams
79.7%
1941Ted Williams
79.7%
1917Ty Cobb
76.5%
1915Ty Cobb
76.5%
1911Ty Cobb
76.5%
1910Ty Cobb
76.5%
1909Ty Cobb
76.5%
1994Jeff Bagwell
76.4%
1980George Brett
74.5%
1979George Brett
74.5%
1952Jackie Robinson
73.4%
1951Jackie Robinson
73.4%
1949Jackie Robinson
73.4%
1981Mike Schmidt
72.9%
1974Mike Schmidt
72.9%
2010Evan Longoria
72.4%
1995Greg Maddux
72.4%
1999Pedro Martinez
70.6%
1997Roger Clemens
69.4%
1937Joe DiMaggio
69.1%
1959Ernie Banks
68.1%
1948Stan Musial
66.9%
1943Stan Musial
66.9%
1908Honus Wagner
66%
1907Honus Wagner
66%
1906Honus Wagner
66%
1905Honus Wagner
66%
1900Honus Wagner
66%
1976Joe Morgan
64.9%
1975Joe Morgan
64.9%
1973Joe Morgan
64.9%
Year Player % Correct
1918Walter Johnson
64.6%
1913Walter Johnson
64.6%
1912Walter Johnson
64.6%
2011Cliff Lee
64.3%
1970Bob Gibson
63.3%
1969Bob Gibson
63.3%
1968Bob Gibson
63.3%
1982Robin Yount
62.4%
1967Carl Yastrzemski
62.4%
1966Sandy Koufax
60%
1990Rickey Henderson
58.5%
1933Jimmie Foxx
58.1%
1932Jimmie Foxx
58.1%
1988Wade Boggs
57.2%
1987Wade Boggs
57.2%
1986Wade Boggs
57.2%
1985Dwight Gooden
56.7%
1901Cy Young
48.8%
1929Rogers Hornsby
47.1%
1925Rogers Hornsby
47.1%
1924Rogers Hornsby
47.1%
1922Rogers Hornsby
47.1%
1944Dizzy Trout
44.7%
1972Steve Carlton
44.6%
1938Mel Ott
43.4%
1977Rod Carew
42.5%
1989Bret Saberhagen
41.3%
1940Bob Feller
38%
1971Fergie Jenkins
34.3%
1904Nap Lajoie
31.6%
1978Phil Niekro
25.7%
1916Pete Alexander
24%
1953Robin Roberts
23.9%
1914Eddie Collins
19.6%
1945Hal Newhouser
19.4%
1953Al Rosen
17.5%
1902Rube Waddell
8.1%
1904Joe McGinnity
7.8%
1903Joe McGinnity
7.8%
1939Bucky Walters
5.8%
1950Eddie Stanky
5%
Remove Ads.
Support Sporcle.
Get the best of Sporcle when you Go Orange. This ad-free experience offers more features, more stats, and more fun while also helping to support Sporcle. Thank you for becoming a member.

You're not logged in!

Compare scores with friends on all Sporcle quizzes.
OR
Log In

Show Comments

Extras

Top Quizzes Today


Score Distribution

Your Account Isn't Verified!

In order to create a playlist on Sporcle, you need to verify the email address you used during registration. Go to your Sporcle Settings to finish the process.

Report this User

Report this user for behavior that violates our Community Guidelines.

Details: